Atlas of Surface Palpation: (Record no. 101)

MARC details
000 -LEADER
fixed length control field 00607nam a22002177a 4500
003 - CONTROL NUMBER IDENTIFIER
control field OSt
005 - DATE AND TIME OF LATEST TRANSACTION
control field 20210225112602.0
008 - FIXED-LENGTH DATA ELEMENTS--GENERAL INFORMATION
fixed length control field 140701b xxu||||| |||| 00| 0 eng d
020 ## - INTERNATIONAL STANDARD BOOK NUMBER
International Standard Book Number 9780443068751
040 ## - CATALOGING SOURCE
Transcribing agency 040a
082 ## - DEWEY DECIMAL CLASSIFICATION NUMBER
Classification number QS4 T544a 2005
100 ## - MAIN ENTRY--PERSONAL NAME
Personal name Tixa, Serge
9 (RLIN) 287
245 ## - TITLE STATEMENT
Title Atlas of Surface Palpation:
Remainder of title anatomy of the neck, trunk, upper and lower limbs
250 ## - EDITION STATEMENT
Edition statement 2
260 ## - PUBLICATION, DISTRIBUTION, ETC. (IMPRINT)
Place of publication, distribution, etc. Edinburgh;
Name of publisher, distributor, etc. Churchill Livingstone,
Date of publication, distribution, etc. 2005
300 ## - PHYSICAL DESCRIPTION
Extent ix, 502 p ;
Other physical details col.ill :
Dimensions 26cm .
504 ## - BIBLIOGRAPHY, ETC. NOTE
Bibliography, etc includes index
650 ## - SUBJECT ADDED ENTRY--TOPICAL TERM
Topical term or geographic name as entry element Surface palpation
9 (RLIN) 288
650 ## - SUBJECT ADDED ENTRY--TOPICAL TERM
Topical term or geographic name as entry element Atlas
9 (RLIN) 9564
942 ## - ADDED ENTRY ELEMENTS (KOHA)
Source of classification or shelving scheme Other/Generic Classification Scheme
Koha item type Open Shelf
Holdings
Withdrawn status Lost status Source of classification or shelving scheme Damaged status Not for loan Home library Current library Date acquired Source of acquisition Inventory number Total Checkouts Full call number Barcode Date last seen Koha item type Date last checked out
    Other/Generic Classification Scheme     MUST Main Library MUST Main Library 01/07/2014 Book aid 10/32233   QS4 T544a 2005 2014-0128 01/07/2014 Open Shelf  
    Other/Generic Classification Scheme     MUST Main Library MUST Main Library 27/08/2015 Purchases 15/39100 3 QS4 T544a 2005 2015-2145 16/08/2022 Open Shelf 08/08/2022